000
00446nam a2200169Ia 4500
008
090711s9999 xx 000 0 und d
082
_b
63462
100
_a
मेहता शशिकला
245
_a
शो पिस
260
_c
1989
300
_a
155
600
_a
मेहता शशिकला
630
_a
शो पिस
700
_a
मेहता शशिकला
730
_a
शो पिस
942
_c
BOOK
999
_c
297435
_d
297435